AFI's 10 Top 10: Romantic Comedies - Statistics

General Stats
  • This quiz has been taken 87 times
  • The average score is 4 of 10
Answer Stats
Rank Film Year % Correct
6 When Harry Met Sally... 1989
84%
10 Sleepless in Seattle 1993
57%
3 It Happened One Night 1934
53%
2 Annie Hall 1977
51%
5 The Philadelphia Story 1940
41%
4 Roman Holiday 1953
32%
1 City Lights 1931
22%
8 Moonstruck 1987
20%
9 Harold and Maude 1971
18%
7 Adam's Rib 1949
12%
No matching quizzes found
Score Distribution
Percent of People with Each Score
Percentile by Number Answered
Your Score History
You have not taken this quiz